000 00632nam a22001457a 4500
020 _a978-1-4169-0004-7
082 _a823
_bDIX/H
100 _aDIXON, FRANKLIN W
245 _aTHE HARDY BOYS - BOARDWALK BUST
260 _aNEW YORK
_bALADDIN PAPERBACKS
_c2005
300 _a164
520 _aATAC sends Frank and Joe Hardy to Ocean Grove, New Jersey to investigate and put a stop to the recent rash of jewelry store robberies in the area. Ocean Grove is full of tourists who are just passing through, so the suspect list is practically endless.In the end frank gets the jewel.
650 _aMYSTERY STORY
_zUNITED STATES
942 _cBK
999 _c7763
_d7763